| 000 | 00550nai a2200169Ia 4500 | ||
|---|---|---|---|
| 003 | IN-BaIIA | ||
| 008 | 211028c9999 xx s 000 0 eng d | ||
| 022 | _a0038-1098 (Online) | ||
| 040 | _cIIA Library | ||
| 245 | 0 |
_aSolid State Communications _h[eJournal] |
|
| 260 |
_aOxford, U.K _bPergamon |
||
| 310 | _a18/year | ||
| 362 | _a93(1); 1995 - Present | ||
| 521 | _bSubscribed through National Knowledge Resource Consortium (NKRC) | ||
| 856 |
_uhttps://www.sciencedirect.com/science/journal/00381098 _yClick Here to Access eJournal |
||
| 942 | _cEJ | ||
| 999 |
_c35704 _d35704 |
||